可愛い美少女アニメキャラランキング - TOP120 - Statistics

General Stats
  • This quiz has been taken 230 times
  • The average score is 21 of 120
Answer Stats
Rank Title Answer % Correct
1 Re:ゼロから始める異世界生活 レム
91%
18 からかい上手の高木さん 高木さん
67%
5 この素晴らしい世界に祝福を! めぐみん
63%
17 時々ボソッとロシア語でデレる隣のアーリャさん アリサ・ミハイロヴナ・九条
60%
2 五等分の花嫁 中野三玖
59%
19 【推しの子】 星野アイ
58%
3 かぐや様は告らせたい~天才たちの恋愛頭脳戦~ 四宮かぐや
55%
6 五等分の花嫁 中野二乃
55%
4 Re:ゼロから始める異世界生活 エミリア
54%
27 ぼっち・ざ・ろっく! 後藤ひとり
52%
22 五等分の花嫁 中野一花
48%
13 五等分の花嫁 中野四葉
47%
16 Re:ゼロから始める異世界生活 ラム
47%
23 可愛いだけじゃない式守さん 式守さん
47%
52 SPY×FAMILY ヨル・フォージャー
46%
11 五等分の花嫁 中野五月
45%
68 SPY×FAMILY アーニャ・フォージャー
41%
44 鬼滅の刃 胡蝶しのぶ
37%
54 進撃の巨人 ミカサ・アッカーマン
34%
15 リコリス・リコイル 井ノ上たきな
33%
42 鬼滅の刃 栗花落カナヲ
32%
21 銀魂 神楽
31%
70 天空の城ラピュタ シータ
31%
97 名探偵コナン 灰原哀
31%
30 ソードアート・オンライン アスナ
30%
105 名探偵コナン 毛利蘭
29%
48 新世紀エヴァンゲリオン 綾波レイ
27%
10 ヴァイオレット・エヴァーガーデン ヴァイオレット・エヴァーガーデン
26%
83 【推しの子】 有馬かな
26%
12 とある魔術の禁書目録 御坂美琴
25%
33 ご注文はうさぎですか? 香風智乃
24%
35 かぐや様は告らせたい~天才たちの恋愛頭脳戦~ 藤原千花
23%
116 ONE PIECE ナミ
23%
7 リコリス・リコイル 錦木千里
21%
39 転生したらスライムだった件 シュナ
21%
29 僕の心のヤバイやつ 山田杏奈
20%
92 この素晴らしい世界に祝福を! アクア
19%
8 探偵はもう、死んでいる。 シエスタ
18%
20 お隣の天使様にいつの間にか駄目人間にされていた件 椎名真昼
18%
41 無職転生 ~異世界行ったら本気だす~ ロキシー・ミグルディア
18%
60 【推しの子】 星野瑠美衣
18%
24 やはり俺の青春ラブコメはまちがっている。 雪ノ下雪乃
17%
28 かぐや様は告らせたい~天才たちの恋愛頭脳戦~ 早坂愛
17%
45 やはり俺の青春ラブコメはまちがっている。 由比ヶ浜結衣
17%
53 中二病でも恋がしたい! 小鳥遊六花
17%
46 Re:ゼロから始める異世界生活 ベアトリス
16%
59 氷菓 千反田える
16%
9 魔女の旅々 イレイナ
15%
14 彼女、お借りします 水原千鶴
15%
84 ぼっち・ざ・ろっく! 山田リョウ
15%
102 干物妹!うまるちゃん 土間うまる
15%
36 青春ブタ野郎はバニーガール先輩の夢を見ない 桜島麻衣
14%
34 ソードアート・オンライン アリシゼーション アリス・シンセシス・サーティ
13%
40 新世紀エヴァンゲリオン 惣流・アスカ・ラングレー
13%
49 ONE PIECE ウタ
13%
62 やはり俺の青春ラブコメはまちがっている。 一色いろは
13%
67 灼眼のシャナ シャナ
13%
101 鬼滅の刃 竈門禰豆子
13%
25 ソードアート・オンライン ファントム・バレット シノン
12%
108 ぼっち・ざ・ろっく! 伊地知虹夏
12%
26 冴えない彼女の育てかた 加藤恵
11%
47 転生したらスライムだった件 ミリム・ナーヴァ
11%
31 よふかしのうた 七草ナズナ
10%
66 僕のヒーローアカデミア トガヒミコ
10%
75 魔法少女まどか☆マギカ 暁美ほむら
10%
32 葬送のフリーレン ユーベル
9%
37 その着せ替え人形は恋をする 喜多川海夢
9%
55 リコリス・リコイル クルミ
9%
63 とらドラ! 逢坂大河
9%
72 かぐや様は告らせたい~天才たちの恋愛頭脳戦~ 白銀圭
9%
76 天気の子 天野陽菜
9%
106 ゆるキャン△ 各務原なでしこ
9%
86 ソードアート・オンライン フェアリィ・ダンス リーファ
8%
38 Charlotte 友利奈緒
7%
58 ニセコイ 小野寺小咲
7%
80 この素晴らしい世界に祝福を! エリス
7%
100 トニカクカワイイ 由崎司
7%
107 涼宮ハルヒの憂鬱 朝比奈みくる
7%
111 かぐや様は告らせたい~天才たちの恋愛頭脳戦~ 伊井野ミコ
7%
65 To LOVEる-とらぶる- ララ・サリタン・デビルーク
6%
69 ダンジョンに出会いを求めるのは間違っているだろうか ヘスティア
6%
74 とある科学の超電磁砲 食蜂操祈
6%
93 彼女、お借りします 更科瑠夏
6%
51 ひきこまり吸血姫の悶々 テラコマリ・ガンデスブラッド
5%
78 ハヤテのごとく! 三千院ナギ
5%
90 僕のヒーローアカデミア 波動ねじれ
5%
77 ONE PIECE ボア・ハンコック
4%
79 盾の勇者の成り上がり ラフタリア
4%
82 ゼロの使い魔 ルイズ・フランソワーズ
4%
96 彼女、お借りします 桜沢墨
4%
98 Re:ゼロから始める異世界生活 強欲の魔女 エキドナ
4%
112 やはり俺の青春ラブコメはまちがっている。 比企谷小町
4%
119 中二病でも恋がしたい! 丹生谷森夏
4%
50 ひきこまり吸血姫の悶々 ヴィルヘイズ
3%
56 寄宿学校のジュリエット ジュリエット・ペルシア
3%
64 Fate/stay night アルトリア・ペンドラゴン
3%
89 炎炎ノ消防隊 環古達
3%
91 冴えない彼女の育てかた 霞ヶ丘詩羽
3%
104 けいおん! 平沢憂
3%
110 物語シリーズ 忍野忍
3%
57 ゆらぎ荘の幽奈さん 湯ノ花幽奈
2%
81 地獄先生ぬ~べ~ ゆきめ
2%
95 寄宿学校のジュリエット 狛井蓮季
2%
113 俺の妹がこんなに可愛いわけがない 新垣あやせ
2%
114 干物妹!うまるちゃん 海老名菜々
2%
115 久保さんは僕を許さない 久保渚咲
2%
43 うちの会社の小さい先輩の話 片瀬詩織里
1%
71 ストライク・ザ・ブラッド 姫柊雪奈
1%
73 ダンジョンに出会いを求めるのは間違っているだろうか リュー・リオン
1%
85 魔法科高校の劣等生 司馬深雪
1%
87 To LOVEる-とらぶる- ナナ・アスタ・デビルーク
1%
88 ちょびっツ ちぃ
1%
94 To LOVEる-とらぶる- 金色の闇
1%
99 炎炎ノ消防隊 シスター・アイリス
1%
103 ぼくたちは勉強ができない! 古橋文乃
1%
109 プラスティック・メモリーズ アイラ
1%
117 ひげを剃る。そして女子高生を拾う。 荻原沙優
1%
61 異世界魔王と召喚少女の奴隷魔術 シェラ・L・グリーンウッド
1%
118 レ・ミゼラブル 少女コゼット ベアトリス
0%
120 乙女ゲームの破滅フラグしかない悪役令嬢に転生してしまった… ソフィア・アスカルト
0%
No matching quizzes found
Score Distribution
Percent of People with Each Score
Percentile by Number Answered
Your Score History
You have not taken this quiz